Operativno-planovyj kontrol proizvodstva
Salvato in:
| Natura: | Libro |
|---|---|
| Lingua: | russo |
| Pubblicazione: |
Moskva
Mašgiz
1951
|
| Tags: |
Nessun Tag, puoi essere il primo ad aggiungerne!!
|
MARC
| LEADER | 00000nam a2200000 4500 | ||
|---|---|---|---|
| 001 | 0315242 | ||
| 005 | 20260303133637.5 | ||
| 041 | 0 | |a rus | |
| 044 | |a RU | ||
| 245 | 1 | 0 | |a Operativno-planovyj kontrol proizvodstva |c P. V. Krenin |
| 264 | 1 | |a Moskva |b Mašgiz |c 1951 | |